The SAGE handbook of public relations / (Record no. 1215)

000 -LEADER
fixed length control field 00903cam a22002414a 4500
001 - CONTROL NUMBER
control field 16136514
003 - CONTROL NUMBER IDENTIFIER
control field OSt
005 - DATE AND TIME OF LATEST TRANSACTION
control field 20170120114908.0
008 - FIXED-LENGTH DATA ELEMENTS--GENERAL INFORMATION
fixed length control field 100315s2010 caua bfb 001 0 eng
020 ## - INTERNATIONAL STANDARD BOOK NUMBER
International Standard Book Number 9781412977807
050 00 - LIBRARY OF CONGRESS CALL NUMBER
Classification number HD59.S24 2010
245 04 - TITLE STATEMENT
Title The SAGE handbook of public relations /
Statement of responsibility, etc edited by Robert L. Heath.
260 ## - PUBLICATION, DISTRIBUTION, ETC. (IMPRINT)
Place of publication, distribution, etc Thousand Oaks :
Name of publisher, distributor, etc SAGE Publications,
Date of publication, distribution, etc 2010.
300 ## - PHYSICAL DESCRIPTION
Extent xvii, 773 p. :
Other physical details ill. ;
Dimensions 27 cm.
500 ## - GENERAL NOTE
General note Rev. ed. of: Hand book of public relations. c2001.
504 ## - BIBLIOGRAPHY, ETC. NOTE
Bibliography, etc Includes bibliographical references and indexes.
505 ## - FORMATTED CONTENTS NOTE
Formatted contents note Mind, self and society -- The practice of public relations as change management -- Public relations as globalicity.
650 #0 - SUBJECT ADDED ENTRY--TOPICAL TERM
Topical term or geographic name as entry element Public relations.
650 #0 - SUBJECT ADDED ENTRY--TOPICAL TERM
Topical term or geographic name as entry element Public relations
Form subdivision Handbooks, manuals, etc.
700 1# - ADDED ENTRY--PERSONAL NAME
Personal name Heath, Robert L.
Fuller form of name (Robert Lawrence),
730 0# - ADDED ENTRY--UNIFORM TITLE
Uniform title Handbook of public relations.
942 ## - ADDED ENTRY ELEMENTS (KOHA)
Source of classification or shelving scheme
Koha item type Book
Holdings
Withdrawn status Lost status Source of classification or shelving scheme Damaged status Not for loan Home library Current library Date acquired Total Checkouts Full call number Barcode Date last seen Date checked out Price effective from Koha item type
          Riara University Library Riara University Library 05/09/2013 1 REF: HD59.S24 2010 4318/13 20/01/2017 20/01/2017 05/09/2013 Reference material

Riara University Library,
P.O. Box 49940-00100,
Nairobi, Kenya.